La devoción al Sagrado Corazón de Jesús : doctrina-historia /

Na minha lista:
Detalhes bibliográficos
Autor principal: Bainvel, J.V (autor)
Formato: Livro
Idioma:espanhol
Publicado em: Barcelona, España: Librería Religiosa, 1922, c1922
Tags: Adicionar Tag
Sem tags, seja o primeiro a adicionar uma tag!

MARC

LEADER 00000nam^a2200000^a^4500
001 000576240
005 20250521000000.0
009 20260310132425.454
037 |a Acervo Xavier Clavigero 
041 |a ESP 
091 |a FIP. 00253 
100 |a Bainvel, J.V.  |e (autor) 
245 1 3 |a La devoción al Sagrado Corazón de Jesús :  |b doctrina-historia / 
264 4 |a Barcelona, España:  |b Librería Religiosa,  |c 1922, c1922 
300 |a 505 p. 
336 |a texto  |b txt  |2 rdacontenido 
337 |a sin mediación  |b n  |2 rdamedio 
338 |a volumen  |b nc  |2 rdasoporte 
649 |a XX 
910 |a Fondo Manuel Ignacio Pérez Alonso S.J. 
920 |a Impresos - Libros 
930 |a Fondos Especiales 
905 |a 140 
901 |a 0500404340  |b IT2  |c ESP  |i D  |u 20250521 
902 |a https://opac.biblio.iteso.mx/vufind/Record/000576240